000 00326 a2200109 4500
001 ART_9017
005 20260410161834.0
008 260409a
245 1 0 _aLa legislación del antidumping
100 1 _aFratalocchi, Aldo
773 0 _tContabilidad y administración
_g- Año 3, Nº 35 (may. 1980)
_wREV5485
999 _c23530
_d23530